| 000 | 00526nam a2200181Ia 4500 | ||
|---|---|---|---|
| 999 |
_c14599 _d14599 |
||
| 003 | OSt | ||
| 005 | 20201030131937.0 | ||
| 008 | 190216s9999||||xx |||||||||||||| ||und|| | ||
| 020 | _a9788185944630 | ||
| 040 | _coclc | ||
| 082 |
_a820.9 _bRIC/H |
||
| 100 |
_aRickett, Arthur compton _96179 |
||
| 245 | 0 |
_aHistory Of English Literature / _cArthur Compton Rickett |
|
| 260 |
_bUbs Publishers, _c2012. _aNew Delhi: |
||
| 300 | _a702p | ||
| 650 | _aEnglish | ||
| 942 |
_cBK _2ddc _h820.9 _iRIC/H _k820.9 _mRIC/H |
||